Docklands Light Railway (DLR) Map - Statistics

General Stats
  • This quiz has been taken 218 times
  • The average score is 35 of 45
Answers on the Map
Answers color-coded by a green-red scale on the quiz's map according to % correct below.
 
Answer Stats
Answer % Correct
Stratford
97%
Bank
92%
Stratford International
92%
Poplar
90%
Greenwich
88%
Tower Gateway
88%
Beckton
87%
Canary Wharf
87%
King George V
87%
Lewisham
87%
Shadwell
87%
Canning Town
86%
Limehouse
85%
London City Airport
85%
West Ham
85%
Woolwich Arsenal
85%
Cyprus
83%
Custom House
82%
Stratford High Street
82%
Cutty Sark
81%
Pudding Mill Lane
81%
Mudchute
78%
West India Quay
77%
Bow Church
76%
East India
76%
Heron Quays
76%
Star Lane
76%
Beckton Park
74%
Island Gardens
74%
Abbey Road
71%
Deptford Bridge
71%
Pontoon Dock
71%
All Saints
69%
Royal Albert
69%
Crossharbour
68%
Gallions Reach
68%
Prince Regent
68%
South Quay
68%
Westferry
68%
Blackwall
65%
Devons Road
65%
Elverson Road
64%
Langdon Park
64%
Royal Victoria
64%
West Silvertown
64%
No matching quizzes found
Score Distribution
Percent of People with Each Score
Percentile by Number Answered
Your Score History
You have not taken this quiz